| 000 | 00000nam##2200000za#4500 |
| 001 | 9.640702 |
| 003 | CaOODSP |
| 005 | 20210624222813 |
| 007 | cr ||||||||||| |
| 008 | 150407|1997||||xxc|||||o f|0| 0 fre|d |
| 040 | |aCaOODSP|bfre |
| 043 | |an-cn--- |
| 086 | 1 |aH68-41/1997F-PDF |
| 110 | 1 |aCanada.|bConseil national du bien-être social. |
| 245 | 10|aPrestations pour enfants : |h[ressource électronique]|bun petit pas en avant |
| 260 | |aOttawa - Ontario : |bConseil national du bien-être social |cPrintemps 1997. |
| 300 | |a30p.|bgraphiques, tableaux |
| 500 | |a«Le présent rapport décrit ce qui est connu de la nouvelle Prestation fiscale canadienne pour enfants et ce qui reste à faire pour qu'elle entre en vigueur. Nous abordons aussi certaines autres questions qui préoccupent actuellement le Conseil national du bien-être social. Dans le dernier chapitre, nous adressons des recommandations aux gouvernements qui s'apprêtent à mettre la touche finale au projet de régime national de prestations pour enfants.»--Introduction. |
| 500 | |aLe n° de catalogue (H68-41/1997F) et l'ISBN (0-662-82029-0) de l'édition imprimée ont été incorrectement copiés dans la publication électronique. |
| 520 | 3 |aLe présent rapport décrit ce qui est connu de la nouvelle Prestation fiscale canadienne pour enfants et ce qui reste à faire pour qu'elle entre en vigueur. Nous abordons aussi certaines autres questions qui préoccupent actuellement le Conseil national du bien-être social. Dans le dernier chapitre, nous adressons des recommandations aux gouvernements qui s'apprêtent à mettre la touche finale au projet de régime national de prestations pour enfants.--Introduction |
| 590 | |a12-36-Supp|b2012-08-22 |
| 691 | 07|aPension alimentaire|2gcpds |
| 691 | 07|aSoin de l'enfant|2gcpds |
| 691 | 07|aProgrammes sociaux|2gcpds |
| 775 | 08|tChild benefits : |w(CaOODSP)9.696592 |
| 776 | 0#|tPrestations pour enfants: un petit pas en avant : |w(CaOODSP)9.680111 |
| 856 | 40|ahttp://publications.gc.ca|qPDF|s1.25 Mo|uhttps://publications.gc.ca/collections/collection_2012/cnb-ncw/H68-41-1997-fra.pdf |